000
00464nam a2200145Ia 4500
008
090124s9999 xx 000 0 und d
082
_b
305118
245
_a
पत्ता विसरलेला माणूस
250
_a
1
260
_b
साने मेघना
_c
2004
300
_a
62
630
_a
पत्ता विसरलेला माणूस
730
_a
पत्ता विसरलेला माणूस
942
_c
BOOK
999
_c
195074
_d
195074